000 00421nam a22001697a 4500
005 20180209120853.0
008 160428b xxu||||| |||| 00| 0 eng d
020 _a81-2032645-8
041 _aeng
082 _b00617
_a005.74
100 _aNarang, Rajesh
_9173
245 _aDatabase Management System
260 _aNew Delhi
_bPHI Pvt Ltd.
_c2004
300 _a398
650 _aInformation Technology
_9137
942 _cBK
999 _c176
_d176